|
|
|
|
| LEADER |
00000nam a2200000 a 4500 |
| 001 |
UCR3622 |
| 003 |
CL-VaPUC |
| 008 |
980128e19470000FR |||||||||||||||||fre|d |
| 082 |
0 |
4 |
|a 346.436
|b DOU
|2 21
|
| 100 |
0 |
|
|a Doucet, Michel
|e author
|9 402644
|
| 245 |
1 |
0 |
|a Code civil général autrichien
|
| 300 |
|
|
|a 235 p
|
| 942 |
|
|
|c BK
|
| 945 |
|
|
|d 19980128 00:00:00
|a crobeson
|
| 260 |
|
|
|a París
|b A. Pédone
|c 1947
|
| 650 |
|
0 |
|a Código civil
|9 256135
|
| 650 |
|
0 |
|a Derecho civil
|9 255013
|
| 650 |
|
0 |
|a Derecho privado
|9 258243
|
| 650 |
|
0 |
|a Agravios
|9 402645
|
| 650 |
|
0 |
|a Derecho de familia
|9 255603
|
| 650 |
|
7 |
|a DERECHO DE LOS CONTRATOS
|2 CL-VaPUC
|9 402646
|
| 650 |
|
7 |
|a DERECHO LABORAL
|2 CL-VaPUC
|9 15
|
| 650 |
|
0 |
|a Derecho mercantil
|9 371888
|
| 651 |
|
7 |
|a AUSTRIA
|2 CL-VaPUC
|9 266851
|
| 583 |
|
|
|a last modification
|c 20180514 10:09:13
|k Rodrigo Vera
|
| 999 |
|
|
|c 266675
|d 266673
|
| 952 |
|
|
|0 0
|1 0
|4 0
|6 346_436000000000000_DOU_1947
|7 0
|8 DER_ROM
|9 298470
|a BIBDER
|b BIBDER
|d 2019-11-20
|i 1947583
|o 346.436 DOU 1947
|p 1947583
|r 2023-01-25
|w 2019-11-20
|x Ubicación 4to piso
|y BK_X
|z Este recurso debe solicitarse con anticipación
|k DER
|